=LDR 00000nam 2200000 4500 =001 INLIS000000000039461 =005 20130612145104 =008 ***********************************Ind** =035 ##$$0010-061300000039461 =041 ##$$a Ind =082 ##$$a 633.84 =090 ##$$a 633.84, Pan p =245 ##$$a Panduan lengkap budidaya dan bisnis cabai/Redaksi Agromedia; Penyunting, M. Topan Nixon =260 ##$$a 2008 $b jakrta =300 ##$$a vi, 189 hlm., ilus., 23 cm =650 ##$$a Cabai - Budidaya =700 ##$$a Nixon, M. Topan =850 ##$$a NBPNMAT